000
00267nam a2200121 a 4500
008
101026s1970|||| d
100
1
_a
Minárik, Ivan
245
1
0
_a
Vášeň
041
_a
slo
044
_a
xo
_c
SK
260
_b
Tatran
_a
Bratislava
_c
1970
020
_c
13
999
_c
12272
_d
12272